Gramática quechua : (Record no. 6443)

000 -CABECERA
fixed length control field 00595nam a22001697a 4500
003 - IDENTIFICADOR DEL NÚMERO DE CONTROL
control field AR-CdUCM
008 - DATOS DE LONGITUD FIJA--INFORMACIÓN GENERAL
fixed length control field 190315b ||||| |||| 00| 0 spa d
040 ## - FUENTE DE LA CATALOGACIÓN
Agencia/entidad que catalogó originalmente la obra MUNICIPALIDAD PROVINCIAL DEL CUSCO
Entidad que transcribió la catalogación BIBLIOTECA MUNICIPAL DEL CUSCO
082 ## - NÚMERO DE LA CLASIFICACIÓN DECIMAL DEWEY
No. de Clasificación 498.515 /
Notacion interna ME1
100 ## - ENTRADA PRINCIPAL--NOMBRE DE PERSONA
Nombre Personal Parker, Gary J
245 ## - MENCIÓN DE TÍTULO
Título Gramática quechua :
Resto del título Ancash - Huailas /
300 ## - DESCRIPCIÓN FÍSICA
Nº de Páginas Extensión 187 paginas ;
Dimensiones 20 cm.
440 ## - MENCIÓN DE SERIE/PUNTO DE ACCESO ADICIONAL--TÍTULO
Título Ministerio de educación
9 (RLIN) 15645
505 ## - NOTA DE CONTENIDO CON FORMATO
Nota de contenido formateada Contenido : Introducción -- Fonología -- La oración básica -- La frase sustantiva -- La frase verbal ...
942 ## - ELEMENTOS DE PUNTO DE ACCESO ADICIONAL (KOHA)
Fuente de clasificación
Tipo de item Libros-BMC
945 ## - PROCESAMIENTO DE INFORMACIÓN LOCAL (OCLC)
Catalogador rah
Holdings
Estado de retiro (separado) Fuente de clasificación o esquema de estanterías Estado dañado Ubicación Sala donde se ubica Nombre de la colección Fecha de adquisición o compra Costo, precio normal en soles Signatura topográfica Código de Barras Última vez visto (Koha) Tipo de ítem (Koha)
No     Sala Humanidades Sala Humanidades Book Cart 2019-03-15 10.00 498.5103 / P23A SH0000006817 2019-03-15 Libros-BMC
No     Sala Humanidades Sala Humanidades Book Cart 2019-03-18 10.00 498.515 / P23A /e.2 SH0000007458 2019-03-18 Libros-BMC
No     Sala Humanidades Sala Humanidades Book Cart 2019-03-18 10.00 498.515 / P23A / e.3 SH0000011687 2019-05-03 Libros-BMC

Powered by Koha